| 000 | 00695nam a2200241 i 4500 | ||
|---|---|---|---|
| 003 | DO-SdBNP | ||
| 005 | 20230710110046.0 | ||
| 007 | ta | ||
| 008 | 110301s2021 dr a 000 0 spa d | ||
| 020 | _a9789945096972 | ||
| 040 |
_aDO-SdBNP _bspa _cBNPHU _erda |
||
| 082 | 4 |
_bP573e _222 |
|
| 100 | 1 |
_aPhipps, Miguel, _953018 _eautor |
|
| 245 | 1 | 3 |
_aEl error de la tarántula / _cMiguel Phipps |
| 264 | 1 |
_aSanto Domingo : _bCorripio, _c2021. |
|
| 300 |
_a20 páginas : _bilustraciones ; _c28 cm. |
||
| 336 |
_2rdacontent _atexto _btxt |
||
| 337 |
_2rdamedia _asin mediación _bn |
||
| 338 |
_2rdacarrier _avolumen _bnc |
||
| 590 | _aInventariado, 2022/ YL | ||
| 910 | _aYLockward | ||
| 942 |
_2ddc _cLF2 |
||
| 999 |
_c51516 _d51516 |
||